Computational fluid dynamics (Record no. 5417)

000 -LEADER
fixed length control field 00558nam a22002054a 4500
001 - CONTROL NUMBER
control field 5417
003 - CONTROL NUMBER IDENTIFIER
control field BD-DhUET
008 - FIXED-LENGTH DATA ELEMENTS--GENERAL INFORMATION
fixed length control field 001218s2002 enka b 001 0 eng
020 ## - INTERNATIONAL STANDARD BOOK NUMBER
International Standard Book Number 0521594162
040 ## - CATALOGING SOURCE
Original cataloging agency DLC
Transcribing agency DLC
Modifying agency BD-DhUET
082 00 - DEWEY DECIMAL CLASSIFICATION NUMBER
Classification number 532.050285
Item number CHU/2002
100 ## - MAIN ENTRY--PERSONAL NAME
Personal name Chung, T. J.
245 10 - TITLE STATEMENT
Title Computational fluid dynamics
250 ## - EDITION STATEMENT
Edition statement 1st ed.
260 ## - PUBLICATION, DISTRIBUTION, ETC. (IMPRINT)
Place of publication, distribution, etc. New York
Name of publisher, distributor, etc. Cambridge University Press
Date of publication, distribution, etc. 2002
300 ## - PHYSICAL DESCRIPTION
Extent xxiii, 1012 p.
Other physical details ill.
Dimensions 26 cm.
504 ## - BIBLIOGRAPHY, ETC. NOTE
Bibliography, etc Includes bibliographies
650 #0 - SUBJECT ADDED ENTRY--TOPICAL TERM
Topical term or geographic name as entry element Fluid dynamics - Data processing
942 ## - ADDED ENTRY ELEMENTS (KOHA)
Koha item type General Book
Holdings
Source of classification or shelving scheme Koha normalized classification for sorting Lost status Damaged status Copy number Piece designation (barcode) Koha full call number Sublocation or collection (holding branch) Date acquired Location (home branch) Shelving location Price effective from Withdrawn status Koha date last seen Not for loan Koha item type
 532_000000000000000_050285CHU2  1103636532.050285/CHU/2002Central Library, BUET2014-11-26Central Library, BUETCirculation section2014-11-26 2017-10-11 General Book
 532_050285000000000_CHU_2002  2101213532.050285/CHU/2002Central Library, BUET2015-06-22Central Library, BUETReading section2015-06-22 2015-06-22 Reading Item
 532_050285000000000_CHU_2002  3102625532.050285/CHU/2002Central Library, BUET2015-08-24Central Library, BUETCirculation section2015-08-24 2022-04-24 General Book
 532_050285000000000_CHU_2002  4103637532.050285/CHU/2002Central Library, BUET2007-05-27Central Library, BUETCirculation section2018-05-07 2018-05-07 General Book